Every Song Metallica Won/Was Nominated for a Grammy - Statistics

General Stats
  • This quiz has been taken 44 times
  • The average score is 4 of 16
Answer Stats
Year Nominated Song % Correct
1992 Enter Sandman
90%
1990 One
78%
1999 Fuel
53%
2004 St. Anger
40%
2017 Hardwired
38%
1996 For Whom the Bell Tolls
25%
2000 Whiskey in the Jar
25%
2010 The Unforgiven III
23%
2005 Some Kind of Monster
20%
2018 Atlas, Rise!
15%
2009 My Apocalypse
15%
1990 Stone Cold Crazy
10%
1999 Better Than You
5%
2001 The Call of Ktulu
3%
2009 Suicide & Redemptiom
0%
2008 The Ecstacy of Gold
0%
No matching quizzes found
Score Distribution
Percent of People with Each Score
Percentile by Number Answered
Your Score History
You have not taken this quiz